100 openings les plus écoutés - Statistiques

Statistiques générales
  • Ce quiz a été pris 74 fois
    11 depuis la dernière actualisation
  • Le résultat moyen est 31 sur 100
Statistiques - réponses
Streaming Hint Réponse % Correct
2.149B Sonna kotoba ni mata hitori ochiru
Mata suki ni saseru
Daremo ga me wo ubawareteiku
Kimi wa kanpeki de kyuukyoku no AIDORU
Idol
100%
708M Habataitara modoranai to itte
Mezashita no wa aoi aoi ano sora
Tsukinuketara mitsukaru to shitte
Furikiru hodo aoi aoi ano sora
Blue Bird
78%
1.095B Kawatte ikeru no wa jibun jishin dake
Sore dake sa
Tsuyoku nareru riyuu wo shitta
Boku wo tsurete susume
Gurenge
78%
648M Sasageyo ! Sasageyo ! Shinzou wo Sasageyo !
Subete no gisei wa ima kono toki no tame ni
Sasageyo ! Sasageyo ! Shinzou wo Sasageyo !
Susumu-beki mirai wo sono te de kirihirake !
Shinzou wo Sasageyo
78%
1.628B Who's the best ? I'm the best ! Oh yeah
Namami no mama ikeru toko made
To the next, To the ichiban ue
Now singin'
Bling Bang Bang Born
67%
178M Jibun wo sekai sae mo kaete shimaesou na
Shunkan wa itsumo sugu soba ni...
Kakusenu iradachi to tachitsukusu jibun wo mitsume
Mayoi nagara nayami nagara kuyami nagara kimereba ii sa
COLORS
67%
558M Yume de takaku tonda karada wa
Donna fuan matotte mo furiharatteiku
Nemuru chiisana omoi hirogaridashite
Kizuku yowai watashi kimi ga ireba
Crossing Field
67%
270M We are Fighting Dreamers Takami wo mezashite
Fighting Dreamers Narifuri kamawazu
Fighting Dreamers Shinjiru ga mama ni
Oli Oli Oli Oh- ! Just go my way !
GO!!!
67%
365M Kimi da yo kimi nanda yo oshiete kureta
Kurayami mo hikaru nara hoshizora ni naru
Kanashimi wo egao ni mou kakusanaide
Kirameku donna hoshi mo kimi wo terasu kara
Hikaru Nara
67%
1.641B Yami wo haratte yami wo haratte Yoru no tobari ga oritara aizu da Aitai shite mawaru kanjousen Zaregoto nado wa hakisute ike to Kaikai Kitan
67%
1.311B RANDORII kyou wa garaaki de RAKKII DEI
Kattarii abura yogore mo kore de BAIBAI
Dare da dare da atama no naka yobikakeru koe wa
Are ga hoshii kore ga hoshii to utatteiru
KICK BACK
67%
1.328B Issei no sei de fumikomu GOORAIN
Bokura wa nanimo nanimo mada shiranu
Issen koete furikaeru to mou nai
Bokura wa nanimo nanimo mada shiranu
Silhouette
67%
288M Shizukesa ga shimikomu you de iki wo tometa gozen goji
Hijoukaidan de tsume wo kamu asu wa docchi da ? THE DAY HAS COME
Keshite akenai yoru mo furitsuzukete yamanai ame mo
Kono rokudemonai sekai ni wa arun da yo
The Day
67%
254M HERO Ore wo tataeru koe ya kassai nante hoshiku wa nai sa HERO Dakara hitoshirezu aku to tatakau
Sora ooi oshiyoseru teki ore wa se wo muke wa shinai
HERO naraba yuruginaki kakugo shitatame
The Hero
67%
184M Daichi wo fumishimete kimi wa mezameteyuku
Tenshi no hohoemi de tsuredashite !
Kodoku demo hitori ja nai sa
Umarete kita koto ni kanarazu imi ga aru
Departure
56%
179M Everybody Stand Up ! Agero kyou ichiban no jikan da
Me ni mo tomoranu SUPIIDO HANTAA
Daremo ga mina toriko kanban Yeah ! (Come On !)
Everybody Hands Up ! Matashita na Hero's Come Back !!
Hero's Come Back
56%
1.338B Eien wa nain da to nain da to iu
Sore mo mata ii na to waratte miru
Kagayakeba itsuka wa hikari mo taeru
Bokura wa inochi no hi ga kieru sono hi made aruiteyuku
Inferno
56%
853M Kowaseru kowasenai kurueru kuruenai
Anata wo mitsukete yureta
Yuganda sekai ni dandan boku wa sukitootte mienakunatte
Mitsukenaide boku no koto wo mitsumenaide
Unravel
56%
710M Kono hibi ga iroaseru
Boku to chigau kimi no nioi wo shitte shimatte mo
Okiwasurete kita eien no soko ni
Ima demo ao ga sundeiru
Ao no Sumika
44%
544M Let's dye this world
Even I can not grap this sword
All I need is getting strong
We can catch the game
Black Catcher
44%
310M Get down
We all let you know this time
Can you bring me down
Back up, gets far of the sky, black rover
Black Rover
44%
353M Yami wo azamuite setsuna wo kawashite
Yaiba surinuke yatsura no suki wo tsuke
Tsuranuita omoi ga mirai wo hiraku
Like a Bloody Storm atsuku Like a Bloody Stone
BLOODY STREAM
44%
246M Brave shine te wo nobaseba mada
Stay the night kizu darake no yoru
You save my life kazashita yaiba no saki ni omoi wo kasaneta
Inori wa toki wo koete
Brave Shine
44%
748M Saenai joudan yuu na yo
Amari no tsumarana sa ni me ga urunda
Nandomo ao azadarake de namida wo nagashite nagashite
Fuantei na kokoro wo kata ni azukeai nagara kusarikitta BADDO ENDO ni aragau
Cry Baby
44%
281M Hoshii no sa anata no subete ga
Damasaretara soredemo ii motto furuwasete
Misete kure boku dake ni egao no ura made
Ai ni dakare giragira moete shimaitai
DADDY DADDY DO
44%
416M Torawareta kutsujoku wa hangeki no kobushi da
Jouheki no sono kanata emono wo hofuru YEEGAA
Hotobashiru shoudou ni sono mi wo yaki nagara
Tasogare ni hi wo ugatsu
Guren no Yumiya
44%
315M Hana ni natte hora NIHIRU ni waratte
Sono kao ni zokuzoku shite me ga hanasenai
Ajimi shite kimi no doku wa watashi no kusuri tte
Tsutsunde ageru kara waratte
Hana ni Natte
44%
684M Kurutte hey kids !! Shidai ni jidai wa kawatte owaranai shousou
Kurutte hey kids !! Deau hazu datta anata to
Kurutte naita wasurenai ai wo sagashite tsunagitai zutto
Kurutte hey kids !! Soredemo mirai wa hakanai ka ?
Kyouran Hey Kids!
44%
636M Haireta haireta haireta haireta haireta
Hisshi de haideta saki de kiri wa hareta
Deko to boko ga umaku kamiattara
Itami ga kasanattara
Otonoke
44%
1.059B Tooku e ike tooku e ike to
Boku no naka de dareka ga utau
Doushiyou mo nai hodo netsuretsu ni
Itsudatte me wo harashita kimi ga nidoto
Peace Sign
44%
309M Un jour je serai le meilleur dresseur
Je me battrai sans répit
Je ferai tout pour être vainqueur
Et gagner les défis
Pokemon
44%
253M Seiipai kono namida kakiwakete Kimi ni subete wo ageru kara Onegai douka kienaide kure Ano hi "mamoru" to kimeta Polaris
44%
271M Like a Fallen Angel toki no kaze ni
Nagasarete ochiteyuku
Into the starry night megami no you ni
Dakishimete eien wo
Red Swan
44%
502M Tsutae ni kita yo kizuato wo tadotte Sekai ni oshitsubusarete shimau mae ni Oboeteru kana namida no sora wo Ano itami ga kimi no koto wo mamotte kureta Sign
44%
847M Muchakucha ni shite kurenai kai ? Issai wo zonbun ni kuraitsukushite Isshou meikyuu kaiyuu RANDEBUU Memai ga suru hodo "U R MY SPECIAL" Special Z
44%
496M If I lose it all, slip and fall I will never look away If I lose it all, lose it all, lose it all If I lose it all outside the wall The Rumbling
44%
247M Kanaeru tame ni ikiterun datte
Sakebitaku naru yo kikoeteimasu ka ?
Bunan ni nante yatterarenai kara
...Kaeru basho mo nai no
Again
33%
1.188B I am falling, I am fading, I am drowning Help me to breathe I am hurting, I have lost it all I am losing Duvet
33%
297M Anata ga inai to ikite ikenai
Nanimokamo sasagete shimatte mo ii
Anata no ai ga mada taranai
Kaketa mono wa nani de umetara ii ?
Fatal
33%
160M Everybody put your hands up Saa flyin' tsubasa ni nare Mitemitai na muchuu ni nareru kimi Ima da seichouki shinsekai e Flyers
33%
280M Saihate no mirai e
Kizudarake no wakadori ga sora wo niranderu
Teikuu hikou suru yatsura ga waraou to umi no hate ga mitai
Kokoro wo mu ni shite mukaikaze ni nori josou wo tsukete
Fly High
33%
366M Hare ni hare, hana yo sake
Saite haru no sei
Furiyameba ame de sae
Anata wo kazaru haru
Haru
33%
402M Iki isoide shiboritotte
Motsureru ashi dakedo mae yori
Zutto sou, tooku e
Ubaitotte tsukanda tte
Haruka Kanata
33%
176M Itsudatte dare datte soko ni tachitakute
Machigatte iradatte mogaki tsuzukete
Never give up kono mama owaritaku wa nai
Kono IMAJINEESHON wo kakaete ore wa iku yo
Imagination
33%
1.507B [Aa] Negau mirai ni nando demo zutto
Kuraitsuku
Kono machigai darake no sekai no naka
Kimi ni wa waratte hoshii kara
Kaibutsu
33%
156M Nee, dou egaitetan darou ?
Dono keshiki wo mite mo nanimo
Kanjinakatta yo
Nee, kangaenaoshite mo
MUKANJYO
33%
296M Let's start a new life from the darkness
Until the light reveals the end
Sinister faces, growing curses
This is my last war
My War
33%
259M Aishite shimatta
Zenbu zenbu
Furikakatta noroi mo
Zenbu
Naked Hero
33%
209M Yume, risou ni kaeru
Daremo ga nozonda "owari" wo…
Hirogaru yami no naka kawashiatta kakumei no chigiri
Dare ni mo jama saseru wake ni wa ikanai
the WORLD
33%
1.039B Koe wo karashite moeru hana no you ni
Yamima wo terashitara
Aimai sugiru seikai mo fumen ni shite
Yoru wo kazoete asa wo egaku you na
Zankyou Sanka
33%
536M Zankoku na tenshi no TEEZE
Madobe kara yagate tobitatsu
Hotobashiru atsui PATOSU de
Omoide wo uragiru nara
A Cruel Angel's Thesis
22%
226M SHiNY SWORD MY DiAMOND kanashimi to negai no kesshoutai ni Bokura shimei wo chikau sorezore no hikari wo mezashiteiku Nando datte tachiagatte boku wa kyou made kita nda It's TiME ikko no inori ga kakumei no kakushou saa kagayake ADAMAS
22%
732M Mou ii Aashite koushite itteta tte Aishite doushite ? Iwareta tte Asobi dake nara kantan de shinken koushou mechakucha de Crying for Rain
22%
240M Fallin' falling
Rasenjou ni ochiteyuku matenrou ni
Ima fallin' falling
Futari bocchi kizukanai
Daten
22%
164M Let the voice of love take you higher Atsumaru chikara de toki sae koete Nineteen ninety-nine Bizarre Summer Meguru yuuki de ikiru machi Great Days Great Days
22%
160M Ano hi egaita Boku ga boku de aru tame ni Itsu no hi ka PEEJI no tsuzuki egaku yo Kimi to iu kibou to iu Haruka Mirai
22%
178M Don't stop us now, the moment of truth
We were born to make history
We'll make it happen, we'll turn it around
Yes, we were born to make history
History Maker
22%
164M Der feind ist grausam. Wir bringen…
Der feind ist riesig. Wir springen…
Ryoute ni wa Gloria utau no wa Sieg senaka ni wa Flügel der Freiheit
Nigirishimeta ketsui wo inari mune ni kirisaku no wa Ringen der Torheit soukyuu wo mau
Jiyuu no Tsubasa
22%
274M Dreaming ishi gyakusou
Shikakui sora kokoro no sukima umenu
Akenu yoru kara nukeyou
Mirai no kaizoudo sage bokura wa me wo sorashite wa
ODD FUTURE
22%
156M Now let me open the scar
Tokeatta Virus furete arawa ni naru honnou
Grew up in the loneliness
Kowareta Reality niji ni kuro o sashi tobitatsu
Paradisus-Paradoxum
22%
188M 'Cause I'm back in this game, so let's go
Ataerareta shinario ijou
'Cause I'm back in this game, we can survive
Mogaki togisumashita hunter's pride
ReawakeR
22%
370M Fuwa fuwari fuwa fuwaru
Anata ga namae wo yobu
Sore dake de
Chuu e ukabu
Renai Circulation
22%
209M Keshite RIRAITO shite
Kudaranai chou gensou
Wasurerarenu sonzai kan wo
Kishikaisei
Rewrite
22%
156M Furueru hodo kokoro moetsukiru hodo atsuku Sono te kara hanate kodou karada minagiru yuuki de Mayoinaki kakugo ni "Kassai" wo ! ~Sono chi no sadame~ Jojo Sono Chi no Sadame
22%
187M Mune ni kazatte
Kyojitsu wo kirisaite souten wo aoide tobitatta tokoshie
Sora ni utaeba koukai mo iyaou naku
Hitsuzen hitsuzen tachikiru no wa mabushi sugita mirai e, agake
Sora Ni Utaeba
22%
306M Saikou toutatsuten ni made
Ikki ni kakenuketeyuku kara yeah
Mahi shite waratterun darou
Ano hibi no itami mo kako dakara tabun
The Peak
22%
219M We are maverick kyuusai nante iranai
Donna rifujin osoou tomo
Kateba ii dake no hanashi darou
Kakehiki to sainou ga muhai izanau
This Game
22%
188M Ikuze Shining ! Running ! Forever
Mae e tsukisusumu no sa
Kawaru koto no nai kizuna wa kitto "yume no hate" terashidasu
Wake up ! Wake up ! Wake up ! Wake up heart beat !
Wake up!
22%
199M Taking over the night. Taking over the blue time. If you heard that screaming shout in your mind Taking over the shine Wild Side
22%
649M Ima mo tashika ni watashi no naka de
Ikiteiru
Onaji michi wo eranda
Sore dake datta hazu na no ni
Yuusha
22%
149M Tada kizutsuite tsuyogatte
Soredemo mitsuketai yo
Tamashii no katachi tashikameteru yo
Zutto [zutto]
ANIMA
11%
279M Hirari hirari Mekuri mekuru SUTOORII SUTOORII Kidoairaku sewashii Fiction
11%
215M Heikou shite boku wa matteita
Usugurai heya hitorikiri
Heikou shite boku wa matteita
DOA wo keyaburu sono oto wo
Goya wa Machiawase
11%
218M Eranda iro de nutta sekai ni kakomarete
Erabenai kizu no imi wa doko darou
Gojibun dake ga hiiroo sekai no mannaka de
Owaru made de zuppari suteeji no ue
Hello, World!
11%
206M Sorry darling sonna ni amakunai yo
Demo kitto sonna ni warukunai yo
Give me fire
Light it up Baby moyashichau ze yeah
Kaen
11%
240M Nando demo
Nando demo sakebu
Kono kurai yoru no kaijuu ni nattemo
Koko ni nokoshite okitai n da yo
Kaijuu
11%
153M Tadashii machigai ga fuantei de Uragaeshi no honne ga tamatte yuku Shouka suru sube ga nai koto mo Kizukazu ni tachimukau no ? Kura Kura
11%
223M Aishiteru to gomen ne no sa tte
Marude tsuki to taiyou ne
Mata ashita aeru kara ii yatte
Nani hitotsu manabiya shinai tamashii mo
Kusushiki
11%
216M Oh We have the brains to think hard Wear our favorite clothes We are at no doubt human beings Many small lives Let Me Hear
11%
267M Kimi wa ima namida nagashita
Nakija kuru kodomo no you ni
Tatoe asu ga mienakunatte mo mamoru yo
Natsu no sora miagete niranda
Lovers
11%
579M Kakushigoto darake tsugihagi darake no Home, you know ?
Kamikudaite mo naku naranai honne ga ha ni hasamatta mama
Fuan darake nariyuki makase no Life, and I know
Karisome mamire no nichijou dakedo koko ni boku ga ite anata ga iru
Mixed Nuts
11%
186M Eien no imi shiranu kimi ni Kotae wo shimesu toki da Mugen ni tsuzuku rasen no saki ni Matsu no wa dare Mugen
11%
234M
Nariyamanu ai wo sakebu yo subete wo daite koko ni irun da
Hikari wa soko ni aru yo
Yuzurenai omoi wo kakete kibou no hate wo boku wa ikiru yo
Yume wo tsunaida kimi to
Netsujou no Spectrum
11%
310M Onegai MASSURU
Meccha motetai
Onegai MASSURU
Meccha yasetai, YES
Onegai Muscle
11%
245M Sekai wa koi ni ochiteiru hikari no ya mune wo sasu
Zenbu wakaritainda yo
"Nee, kikasete"
Tatta ichi-miri ga tookute
Sekai wa Koi ni Ochiteiru
11%
159M Soshite, tsudoishi SUTAADASUTO Hyakunen me no mezame ni yobarete Otoko-tachi wa mukau Toki no suna wo koeru Journey STAND PROUD
11%
223M Boku wo touta suru
SHAADEN FUROIDE wa iran
Wazato rashii DORAMATIKKU ni wa akita
Discord ni tanbi shite
Asphyxia
0%
154M Mirai wo tsukande kitai chi wo koete
Hitai ni fukisasu kaze
Ima ni mina yo kitto kimi no mabushisa ni
Dare mo ga kizuku darou
BOW AND ARROW
0%
217M Sono namida ga ase ga nijinda
Dare tomo chigau utsukushisa de
Waratte okure yo
Iki wo kirashita kimi wa
BOY
0%
608M Ittai doushiyou kono omoi wo
Doushiyou abara no oku wo
Zarame ga tokete gero ni narisou (Boom!)
Doukou bachi hiraite obore shinisou
Iris Out
0%
518M Tokihanatareta kokoro ni yadoshita hiyo
Maiage, matoe ima yoake no mukou e
Tokihanate ima bokura ga okoshita hi wo
Maiage hashireba
Kizuna no Kiseki
0%
776M Ao ni nita
Suppai haru to rairakku
Kimi wo matsu yo koko de ne
Itamidasu jinsei tanni no kizu mo
Lilac
0%
174M Aa, unaru ze
Chidoro tsuitatte mamoritai
Kakumei douchuu datte kimi ni muchuu
Kurayami shimikomu sekai de mitsuketa
Senchimentaru na koi
On The Way
0%
178M Tobidashiteike uchuu no kanata
Me no mae o buchinuku purazuma
Tada hitasura mitoreteita
Aza mo kizu mo shirazu ni
Plazma
0%
209M Yowakutatte tachimukau nda
Riyuu nara kimi ni moratta
Wakatteru, dakara iku nda yo.
Ima mo kurushikutte mune ga itai yo
Pride Kakumei
0%
187M Kono me ga eranda keshiki ni hitotsuzutsu RIBON kakete Omiyage mitai ni atsume nagara tsuzuku yo kaerimichi Kisetsu ga aisatsu kureta yo namida mo chotto hirotta yo Doko kara hanasou anata ni moratta kono kaerimichi Souvenir
0%
657M Dareka ga egaita imeeji janakute
Dareka ga eranda suteeji janakute
Bokutachi ga tsukutteiku sutourii
Kesshite hitori ni wa sasenaikara
The Blessing
0%
195M Mou modoranai Konrinzai koukai wa shinai genjitsu wo kaete miseru Shinjitsu ga tatoe zankoku demo Somatteiku Disaster hidaika shita tsumi wo shukuen wo tenazukete Vivid Vice
0%
187M Oikakete kuru koukai ga shikai wo fusagu mae ni Oitsuita mirai no hajikko de nando mo anata wo sukuidasu yo HIIROO butte waratteita anata no ryou hoho wo nuguu made tomaranai Aa sou saa ano yoru kara anata wo mukae ni kitan da nando shikujirou tomo White Noise
0%
181M Zenbu, moyashi tsukushite zettai reido
Riyuu mo teisai mo kankei nai
Mou, FURASSHUBAKKU ANDO DISUKOMYUNIKEESHON !
Zutto, bokura fuantei na enchousenjou
Zettai Reido
0%
Aucun quiz correspondant
Distribution des résultats
% des personnes avec chaque résultat
Percentile par nombre de réponses
Votre historique - résultats
Vous n’avez pas pris ce quiz depuis la dernière actualisation